Севзапстройцена. Индексы изменения сметной стоимости строительства к ценам ТСНБ-ЛО-2001 в редакции 2014 г., ТЕР-ЛО-2001 в редакции 2001-2007 гг. (Запись № 11626122)
[ простой вид ]
| 000 -МАРКЕР | |
|---|---|
| контрольное поле | 02988nas1a22003011i 4500 |
| 001 - ИДЕНТИФИКАТОР ЗАПИСИ | |
| контрольное поле | RU\NLR\Per\1231299 |
| 005 - ИДЕНТИФИКАТОР ВЕРСИИ | |
| контрольное поле | 20260407231514.0 |
| 035 ## - ДРУГИЕ СИСТЕМНЫЕ НОМЕРА | |
| Идентификатор записи | (NLR Aleph) 011142302 |
| 100 ## - ДАННЫЕ ОБЩЕЙ ОБРАБОТКИ | |
| Данные общей обработки | 20160524a20169999|||y0rusy50 ca |
| 101 0# - ЯЗЫК РЕСУРСА | |
| Язык текста, звукозаписи и т.д. | русский |
| 102 ## - СТРАНА ПУБЛИКАЦИИ ИЛИ ПРОИЗВОДСТВА | |
| Страна публикации | Российская Федерация |
| 110 ## - ПОЛЕ КОДИРОВАННЫХ ДАННЫХ: ПРОДОЛЖАЮЩИЕСЯ РЕСУРСЫ | |
| Кодированные данные продолжающегося ресурса | ay||||||||| |
| 200 1# - ЗАГЛАВИЕ И СВЕДЕНИЯ ОБ ОТВЕТСТВЕННОСТИ | |
| Основное заглавие | Севзапстройцена. Индексы изменения сметной стоимости строительства к ценам ТСНБ-ЛО-2001 в редакции 2014 г., ТЕР-ЛО-2001 в редакции 2001-2007 гг. |
| Сведения, относящиеся к заглавию | ежемесячный бюллетень |
| -- | издание официальное |
| Первые сведения об ответственности | Ленингр. обл. РЦЦС |
| 210 ## - ПУБЛИКАЦИЯ, РАСПРОСТРАНЕНИЕ И ДР. | |
| Место издания, распространения и т.д. | Санкт-Петербург |
| Имя издателя, распространителя и т. д. | [б.и.] |
| Дата издания, распространения и т.д. | 2016 - |
| 300 ## - ОБЩИЕ ПРИМЕЧАНИЯ | |
| Текст примечания | В надзаг. также: Ленингр. обл., Правительство Ленингр. обл. |
| 311 ## - ПРИМЕЧАНИЯ, ОТНОСЯЩИЕСЯ К ПОЛЯМ СВЯЗИ (ПРИМЕЧАНИЯ О СВЯЗИ С ДРУГИМИ ПРОИЗВЕДЕНИЯМИ (ИЗДАНИЯМИ)) | |
| Текст примечания | Ранее выходил как: Севзапстройцена. Индексы изменения сметной стоимости строительства к базе 1984 г., к ценам ТЕР-2001 и к ценам ФЕР-2001 |
| 430 #0 - ПРОДОЛЖЕН | |
| Встроенное поле | 2001#$aСевзапстройцена. Индексы изменения сметной стоимости строительства к базе 1984 г., к ценам ТЕР-2001 и к ценам ФЕР-2001 |
| Заглавие | Севзапстройцена. Индексы изменения сметной стоимости строительства к базе 1984 г., к ценам ТЕР-2001 и к ценам ФЕР-2001 |
| 517 1# - ДРУГИЕ ВАРИАНТЫ ЗАГЛАВИЯ | |
| Вариант заглавия | Севзапстройцена. Индексы изменения сметной стоимости строительства к ценам ТСНБ-ЛО-2001 в редакции 2014 г. |
| 517 1# - ДРУГИЕ ВАРИАНТЫ ЗАГЛАВИЯ | |
| Вариант заглавия | Индексы изменения сметной стоимости строительства к ценам ТСНБ-ЛО-2001 в редакции 2014 г., ТЕР-ЛО-2001 в редакции 2001-2007гг. |
| 712 02 - НАИМЕНОВАНИЕ ОРГАНИЗАЦИИ - ВТОРИЧНАЯ ОТВЕТСТВЕННОСТЬ | |
| Код отношения | Прочие |
| Начальный элемент ввода | Ленинградский областной региональный центр по ценообразованию в строительстве |
| Идентифицирующий признак | Санкт-Петербург |
| Идентификатор авторитетной/нормативной записи | RU\NLR\AUTH\8810156945 |
| Системный номер авторитетной/нормативной записи | 809299 |
| 852 ## - МЕСТОНАХОЖДЕНИЕ И ШИФР ХРАНЕНИЯ | |
| Идентификатор организации | NLR |
| Наименование фонда или коллекции (Sub-Location Identifier) | Пт |
| Шифр хранения (Call Number) | П-2/202 |
| 942 ## - ДОПОЛНИТЕЛЬНЫЕ ЭЛЕМЕНТЫ ЗАПИСИ (АБИС) | |
| Тип экземпляра АБИС | Журнал |
| 980 ## - КОЛЛЕКЦИЯ | |
| Название коллекции | Русская периодика |
Нет доступных экземпляров.